A munkaügyi döntőbizottság eljárása

Elmentve itt :
Bibliográfiai részletek
Szerző: Gecséné Fónai Márta
További közreműködők: nincs megadva (Témavezető)
Dokumentumtípus: Szakdolgozat
Megjelent: 1988
Tárgyszavak:
Online Access:http://diploma.bibl.u-szeged.hu/34915
LEADER 00573nta a2200157 i 4500
001 dipl34915
005 20130314094559.0
008 111117s1988 hu om 0|| zxx d
040 |a SZTE Diploma Repozitórium  |b hun 
041 |a zxx 
100 2 |a Gecséné Fónai Márta 
245 1 2 |a A munkaügyi döntőbizottság eljárása  |h [elektronikus dokumentum] /  |c Márta Gecséné Fónai 
260 |c 1988 
650 4 |a Jogi és igazgatási tanulmányok 
700 1 |a nincs megadva  |e ths 
856 4 0 |u http://diploma.bibl.u-szeged.hu/id/eprint/34915/1/1988_gecsene_fonai_marta.pdf  |z Dokumentum-elérés